Animali con la "G" - Statistics

Statistiche generali
  • Questo quiz è stato fatto 181 volte
  • Il punteggio medio è 10 su 15
Statistiche sulle risposte
suggerimento risposta % Corretto
"Miao, miao..." Gatto
100%
Sveglia al mattino con il suo canto Gallo
98%
è l'animale più veloce del mondo Ghepardo
94%
è il mammifero più alto al mondo Giraffa
94%
E' chiamato anche _____ ladra perché è attratto dagli oggetti che metallici oppure per il fatto che depreda i nidi di altri uccelli Gazza
88%
un uccello rapace notturno diffuso nel Nordamerica, in Europa e in Asia. Vive principalmente nelle foreste di conifere, boschi. Non può muovere gli occhi, in compenso ha la capacità di ruotare la testa di 270° Gufo
88%
uccelli di mare che si nutrono di pesci, uova, piccole carcasse di animali, insetti e anche di rifiuti prodotti dall’uomo raccolti nelle discariche Gabbiano
81%
è un primate grande e possente che vive in Africa. E' purtroppo a rischio estinzione Gorilla
70%
è un crostaceo molto diffuso. dal punto di vista del fisico, il suo corpo è formato da varie parti: capo, torace e addome. Gambero
66%
è un piccolo rettile che vive nei luoghi caldi del mondo. Innocuo per l'uomo è imparentato con le lucertole Geco
66%
è un mammifero della famiglia dei bovidi diffuso in Africa. Si nutre di erbe della savana, la sua particolarità più evidente è il vistoso pizzetto Gnu
63%
Roditore che vive nelle zone desertiche e semidesertiche dell’Asia e dell’Africa. Gerbillo
26%
è un grande coccodrillo con un particolare muso allungato. Si trova principalmente nei fiumi Brahmaputra, Indo, Gange e Mahanadi. E' a rischio di estinzione Gaviale
12%
con questo si indicano diversi felini selvatici tra cui ocelot, servalo e raramente il ghepardo Gattopardo
10%
è un mammifero asiatico il cui aspetto sembra un mix tra uno scoiattolo e un pipistrello. Galeopiteco
1%
Nessun quiz corrispondente trovato
Distribuzione punteggi
Percentuale di utenti per punteggio
Percentile per numero di risposta
I tuoi punteggi nel tempo
Non hai fatto questo quiz